Principles of finance with Excel
Saved in:
| Main Author: | |
|---|---|
| Format: | Book |
| Language: | English |
| Published: |
New York; Oxford :
University Press,
2006
|
| Subjects: | |
| Tags: |
Add Tag
No Tags, Be the first to tag this record!
|
MARC
| LEADER | 00000nam a2200000 i 4500 | ||
|---|---|---|---|
| 001 | 1/76123 | ||
| 008 | 080227s2006 eng d | ||
| 020 | |a 978-0-19-530150-2 | ||
| 035 | |l 10095097 | ||
| 040 | |a GR-MY-UA |b gre |e aacr | ||
| 041 | 0 | |a eng | |
| 082 | 0 | |a 332.0285 |2 (22) | |
| 100 | 1 | |a Benninga, Simon. | |
| 245 | 1 | 0 | |a Principles of finance with Excel / |c Simon Benninga |
| 260 | |a New York; Oxford : |b University Press, |c 2006 | ||
| 300 | |a xiii, 908 σ.; |b σχέδια, πιν.; |c 25 εκ.+ |e 1 οπτική δισκέτα λεϊζερ Η/Υ 4 3/4 | ||
| 504 | |a Περιλαμβάνει ευρετήριο | ||
| 630 | 0 | 0 | |a Microsoft Excel (Computer file) |
| 650 | 0 | 0 | |a Finance |x Data processing. |
| 650 | 0 | 0 | |a Capital assets pricing model. |
| 852 | |a INST |b CHIOS |e 20080227 |h 332.0285 BEN |p 005200027660 |q 005200027660 |t BK |y 0 | ||
| 852 | |a INST |b CHIOS |e 20080227 |h 332.0285 BEN |p 005200027801 |q 005200027801 |t BK |y 0 | ||
| 901 | |a BIBL2-2008-1 | ||
| 909 | |a Χ |b 145849 | ||
| 922 | |a 2ΕΛΗ |b 200802 |c ΕΠΕΑΕΚ2/ΤΜΟΔ |d ΠΑΠΑΣΩΤΗΡΙΟΥ | ||
| 970 | |a ΑΤΣΑΛΗ |b ΔΕΣΠΟΙΝΑ |z 2008/02/27 | ||